000 01237ngm a22003730a 4500
001 PT39976
003 AR-LpoUNG
005 20210201235901.0
007 vd cvaizq
008 191001s2008||||ag |||||||||||||||||spa d
037 _c$7.65
040 _aAR-LpoUNG
_bspa
_cAR-LpoUNG
_eaacr
041 _aspa
044 _aag
082 0 _a302.5 375cie
100 1 _aMartel, Lucrecia
_edir.
245 1 3 _aLa ciénaga
260 _aBuenos Aires :
_bTranseuropa,
_c2008.
300 _aDVD (100 min.) : son., col.
505 0 _aGuión: Lucrecia Martel. Elenco: Graciela Borges (Mecha) Mercedes Morán (Tali), Martín Adjemián (Gregorio), Daniel Valenzuela(Rafael), Juan Cruz Bordeu (José)
520 _aDos familias -una de clase media urbana y otra de productores rurales en decadencia- se entrecruzan en el sopor provinciano de una Salta caótica e inmutable, donde nada sucede pero todo está a punto de estallar.
650 4 _aALCOHOLISMO
650 4 _aCONDICIONES DE VIDA
650 4 _aCONFLICTOS SOCIALES
650 4 _aDRAMA
650 4 _aFAMILIA
650 4 _aPROBLEMAS SOCIALES
651 4 _aArgentina
653 _aCINE ARGENTINO
653 _aDVD
653 _aVIDEOS
905 _a39976
942 _cDVD
999 _c53693
_d53693